Harvey- Alex G Lyrics - Statistics

General Stats
  • This quiz has been taken 304 times
  • The average score is 105 of 132
Answer Stats
Answer % Correct
I
99%
"I
99%
Harvey
97%
do
96%
love
95%
on
95%
the
95%
my
94%
he
92%
He
92%
in
91%
you
90%
up
89%
his
88%
understand
88%
of
85%
through
84%
for
83%
me
81%
Success
81%
that
80%
all"
79%
all
79%
don't
79%
friends
79%
run
79%
Run
79%
to
79%
care
77%
thing
77%
black
75%
boys
75%
hair
75%
is
75%
it
75%
only
75%
big
74%
middle
74%
short
74%
and
73%
buddies
73%
say
73%
doesn't
72%
food
72%
night
72%
playing
72%
wakes
72%
wall
72%
with
72%
hands
71%
light
70%
turn
70%
what
70%
at
68%
back
68%
chase
68%
door
68%
keeps
68%
ones
68%
place
68%
miss
67%
"Never
67%
never
67%
want
66%
Give
65%
grew
65%
home
65%
I'll
65%
out"
64%
cut
63%
medals
63%
says
63%
winning
63%
baby
62%
catch
61%
corner
61%
got
59%
Head
59%
mouth
59%
comes
57%
prove
57%
Drool
56%
from
56%
down
55%
balls
54%
wanna
54%
I've
37%
No matching quizzes found
Score Distribution
Percent of People with Each Score
Percentile by Number Answered
Your Score History
You have not taken this quiz